|
|
|
|
| LEADER |
00000nam a2200000 a 4500 |
| 001 |
vtls008294178 |
| 003 |
SK-MaSNL |
| 005 |
20260302003504.0 |
| 008 |
240318 ru o 000 0 rus |
| 040 |
|
|
|a SNK
|b slo
|c SNK
|e AACR2
|
| 041 |
|
|
|a rus
|
| 080 |
|
|
|a 811.163.1
|2 2001
|
| 100 |
1 |
|
|a Matvejeva-Isajeva, Ljubov Vasil'jevna
|4 aut
|9 642247
|
| 245 |
1 |
0 |
|a Lekcii po staroslovjanskomui jazyku
|c L.V. Matvejeva - Isaeva
|
| 260 |
|
|
|a Leningrad
|b Gosudarstvennoje učebno-pedagogičeskoje izdatel'stvo Ministerstva prosveščenija RSFSR
|c 1958
|
| 300 |
|
|
|a 222 s.
|b fotogr.
|
| 650 |
0 |
7 |
|a staroslovienčina
|2 SNKPH
|9 1344
|
| 999 |
|
|
|c 992201
|d 994131
|
| 952 |
|
|
|a SNK
|b SNK
|y VYP
|7 0
|p 17A0481866
|o snkIC 33387
|i snkV 525/63
|3 Rekatalogizácia
|0 0
|1 0
|4 0
|d 2005-08-11
|l 0
|r 2026-02-24 11:53:10
|w 2026-02-24
|